Влияние математического выражения невязки целевой функции на эффективность автоадаптации геолого-гидродинамической модели; Проблемы геологии и освоения недр; Т. 2

Detaylı Bibliyografya
Parent link:Проблемы геологии и освоения недр=Problems of Geology and Subsurface Development: труды XXV Международного симпозиума имени академика М. А. Усова студентов и молодых учёных, посвященного 120-летию горногеологического образования в Сибири, 125-летию со дня основания Томского политехнического университета, Томск, 5-9 апреля 2021 г./ Национальный исследовательский Томский политехнический университет, Инженерная школа природных ресурсов ; гл. ред. Н. В. Гусева ; под ред. Е. Ю. Пасечник.— , 2021
Т. 2.— 2021.— [С. 69-70]
Yazar: Еремян Г. А. Грачик Араикович
Kurumsal yazarlar: Национальный исследовательский Томский политехнический университет Инженерная школа природных ресурсов Отделение нефтегазового дела, Национальный исследовательский Томский политехнический университет Институт природных ресурсов Центр подготовки и переподготовки специалистов нефтегазового дела Лаборатория геологии месторождений нефти и газа
Diğer Yazarlar: Рукавишников В. С. Валерий Сергеевич (научный руководитель)
Özet:Заглавие с экрана
Dil:Rusça
Baskı/Yayın Bilgisi: 2021
Seri Bilgileri:Современные технологии разработки нефтяных и газовых месторождений
Konular:
Online Erişim:http://earchive.tpu.ru/handle/11683/68535
Materyal Türü: Elektronik Kitap Bölümü
KOHA link:https://koha.lib.tpu.ru/cgi-bin/koha/opac-detail.pl?biblionumber=633581

MARC

LEADER 00000naa2a2200000 4500
001 633581
005 20231101133753.0
035 |a (RuTPU)RU\TPU\conf\35329 
035 |a RU\TPU\conf\35328 
090 |a 633581 
100 |a 20211012d2021 k y0rusy50 ca 
101 0 |a rus 
102 |a RU 
105 |a y z 100zy 
135 |a drcn ---uucaa 
181 0 |a i  
182 0 |a b 
200 1 |a Влияние математического выражения невязки целевой функции на эффективность автоадаптации геолого-гидродинамической модели  |f Г. А. Еремян  |g науч. рук. В. С. Рукавишников 
203 |a Текст  |c электронный 
225 1 |a Современные технологии разработки нефтяных и газовых месторождений 
230 |a 1 компьютерный файл (pdf; 1 065 Kb) 
300 |a Заглавие с экрана 
320 |a [Библиогр.: с. 70 (11 назв.)] 
461 1 |0 (RuTPU)RU\TPU\conf\35202  |t Проблемы геологии и освоения недр  |l Problems of Geology and Subsurface Development  |o труды XXV Международного симпозиума имени академика М. А. Усова студентов и молодых учёных, посвященного 120-летию горногеологического образования в Сибири, 125-летию со дня основания Томского политехнического университета, Томск, 5-9 апреля 2021 г.  |o в 2 т.  |f Национальный исследовательский Томский политехнический университет, Инженерная школа природных ресурсов ; гл. ред. Н. В. Гусева ; под ред. Е. Ю. Пасечник  |d 2021 
463 1 |0 (RuTPU)RU\TPU\conf\35204  |t Т. 2  |v [С. 69-70]  |d 2021 
610 1 |a труды учёных ТПУ 
610 1 |a электронный ресурс 
610 1 |a математические выражения 
610 1 |a целевые функции 
610 1 |a эффективность 
610 1 |a геолого-гидродинамические модели 
610 1 |a невязки 
610 1 |a нефтяные месторождения 
610 1 |a автоадаптация 
700 1 |a Еремян  |b Г. А.  |c специалист в области нефтегазового дела  |c инженер-исследователь Томского политехнического университета  |f 1989-  |g Грачик Араикович  |2 stltpush  |3 (RuTPU)RU\TPU\pers\46483 
702 1 |a Рукавишников  |b В. С.  |c специалист в области нефтегазового дела  |c инженер Томского политехнического университета  |f 1984-  |g Валерий Сергеевич  |2 stltpush  |4 727 
712 0 2 |a Национальный исследовательский Томский политехнический университет  |b Инженерная школа природных ресурсов  |b Отделение нефтегазового дела  |h 8084  |2 stltpush  |3 (RuTPU)RU\TPU\col\23546 
712 0 2 |a Национальный исследовательский Томский политехнический университет  |b Институт природных ресурсов  |b Центр подготовки и переподготовки специалистов нефтегазового дела  |b Лаборатория геологии месторождений нефти и газа  |h 5263  |2 stltpush  |3 (RuTPU)RU\TPU\col\19125 
801 2 |a RU  |b 63413507  |c 20211029  |g RCR 
856 4 |u http://earchive.tpu.ru/handle/11683/68535 
942 |c BK